000 00515nam a2200169Ia 4500
008 090711s9999 xx 000 0 und d
082 _b68020
100 _aढोले अनंत वि.
245 _aशून्यातून अनंत
260 _c1991
300 _a104
600 _aढोले अनंत वि.
630 _aशून्यातून अनंत
700 _aढोले अनंत वि.
730 _aशून्यातून अनंत
942 _cBOOK
999 _c319382
_d319382